Gaming Quiz

Random Gaming or Board Games Quiz

Monopoly: First Roll Quiz Stats

 Plays Quiz Updated Mar 12, 2015

Challenge
Share
Tweet
Embed
Score 0/16 Timer 03:00
0 Plays Today
Space % Correct
Just visiting Jail
88.4%
Chance
86.8%
Baltic Avenue
82.1%
Community Chest
81.5%
In Jail
81%
Reading Railroad
74.9%
Connecticut Avenue
63.9%
Income Tax
63.5%
Space % Correct
Oriental Avenue
63%
Vermont Avenue
59.7%
GO
57.7%
Electric Company
57.6%
St. Charles Place
57.2%
Boardwalk
49.6%
Pennsylvania Railroad
41.5%
Illinois Avenue
35.3%

You're not logged in!

Compare scores with friends on all Sporcle quizzes.
OR
Log In

You Might Also Like...

Show Comments

Extras

Top Quizzes Today


Score Distribution

Your Account Isn't Verified!

In order to create a playlist on Sporcle, you need to verify the email address you used during registration. Go to your Sporcle Settings to finish the process.

Report this User

Report this user for behavior that violates our Community Guidelines.

Details: